Absztrakt és reális irányzat a zenében
Elmentve itt :
| Szerző: | |
|---|---|
| Adatforrás: | Philobibl |
| Forrásdokumentuma: | Embernevelés 1947. p. 279-280. |
| Dokumentumtípus: | Cikk |
| Nyelv: | magyar |
| Kulcsszavak: | zene művészetelmélet esztétika |
| LEADER | 00380nab a2200133 c 4500 | ||
|---|---|---|---|
| 001 | bibPHI0037134 | ||
| 005 | 20200924123751.6 | ||
| 008 | 100312s1947 hu hun | ||
| 100 | 1 | |a Szervánszky Endre | |
| 245 | 1 | 0 | |a Absztrakt és reális irányzat a zenében |c Szervánszky Endre |
| 695 | |a zene | ||
| 695 | |a művészetelmélet | ||
| 695 | |a esztétika | ||
| 773 | 0 | |t Embernevelés |g 1947. p. 279-280. | |